<?xml version="1.0" encoding="UTF-8"?>
<record
    xmlns:xsi="http://www.w3.org/2001/XMLSchema-instance"
    xsi:schemaLocation="http://www.loc.gov/MARC21/slim http://www.loc.gov/standards/marcxml/schema/MARC21slim.xsd"
    xmlns="http://www.loc.gov/MARC21/slim">

  <leader>02565cam a22002178i 4500</leader>
  <datafield tag="999" ind1=" " ind2=" ">
    <subfield code="c">37813</subfield>
    <subfield code="d">37813</subfield>
  </datafield>
  <datafield tag="020" ind1=" " ind2=" ">
    <subfield code="a">9780367726676</subfield>
  </datafield>
  <datafield tag="041" ind1=" " ind2=" ">
    <subfield code="a">eng-</subfield>
  </datafield>
  <datafield tag="082" ind1="0" ind2="0">
    <subfield code="a">306.46</subfield>
    <subfield code="b">MAT-</subfield>
  </datafield>
  <datafield tag="245" ind1=" " ind2=" ">
    <subfield code="a">Material mobilities /</subfield>
    <subfield code="c">edited by Ole B. Jensen, Claus Lassen and Ida Sofie G&#xF8;tzsche Lange.</subfield>
  </datafield>
  <datafield tag="260" ind1=" " ind2=" ">
    <subfield code="a">New York : </subfield>
    <subfield code="b">Routledge,</subfield>
    <subfield code="c">2019.</subfield>
  </datafield>
  <datafield tag="300" ind1=" " ind2=" ">
    <subfield code="a">xv, 263p.</subfield>
  </datafield>
  <datafield tag="504" ind1=" " ind2=" ">
    <subfield code="a">Includes bibliographical references and index.</subfield>
  </datafield>
  <datafield tag="520" ind1=" " ind2=" ">
    <subfield code="a">Material Mobilities explores the material dimension of various forms of mobilities and its implications for society, politics and everyday experiences as well as investigates how materials themselves are on the move. Together the different contributions and perspectives on material mobilities illustrate how materialities are critical components within mobilities but also shape how mobilities are produced and consumed within contemporary mobile societies. This insight may potentially influence the ways disciplines of mobilities understand and approach mobilities in the future.
This book exemplifies how the new Mobilities turn may profit from foregrounding materials, the material, and materiality as a common pivot for social analysis. During the last decade of research affiliated to the &#x2018;new mobilities turn&#x2019; the societal repercussions of intensive mobilities has been in focus. The &#x2018;turn&#x2019; has documented the social, environmental, economic, and cultural effects of the contemporary patterns of movement of people, vehicles, goods, data and information. In parallel with this work new ideas and concepts about the human/non-human and the &#x2018;material dimension&#x2019; of the social world has surfaced within a wide array of fields such as philosophy, anthropology, and cultural studies.
Material Mobilities offers a materially sensitive and focused attention to the new Mobilities turn. The &#x2018;turn to the material&#x2019; opens up a new set of research questions related to how artefacts and technologies facilitating and affording mobilities are being designed, constructed, and instituted. The new material interest furthermore points at new ways of comprehending the political and the power-dimensions of mobilities and infrastructural landscapes. The turn to the material furthermore problematizes the Modern binary distinctions between humans and non-humans, subjects and objects, culture and nature.
</subfield>
  </datafield>
  <datafield tag="546" ind1=" " ind2=" ">
    <subfield code="a">English.</subfield>
  </datafield>
  <datafield tag="650" ind1=" " ind2="0">
    <subfield code="a">Transportation</subfield>
    <subfield code="x">Social aspects.</subfield>
  </datafield>
  <datafield tag="650" ind1=" " ind2="0">
    <subfield code="a">Material culture.</subfield>
  </datafield>
  <datafield tag="700" ind1="1" ind2=" ">
    <subfield code="a">Jensen, Ole B.</subfield>
    <subfield code="e">editor.</subfield>
  </datafield>
  <datafield tag="700" ind1="1" ind2=" ">
    <subfield code="a">Lassen, Claus</subfield>
    <subfield code="e">editor.</subfield>
  </datafield>
  <datafield tag="700" ind1="1" ind2=" ">
    <subfield code="a">Lange, Ida S. G.</subfield>
    <subfield code="e">editor.</subfield>
  </datafield>
  <datafield tag="942" ind1=" " ind2=" ">
    <subfield code="2">ddc</subfield>
    <subfield code="c">BK</subfield>
  </datafield>
  <datafield tag="952" ind1=" " ind2=" ">
    <subfield code="0">0</subfield>
    <subfield code="1">0</subfield>
    <subfield code="4">0</subfield>
    <subfield code="7">0</subfield>
    <subfield code="a">NASSDOC</subfield>
    <subfield code="b">NASSDOC</subfield>
    <subfield code="d">2023-03-16</subfield>
    <subfield code="e">Overseas</subfield>
    <subfield code="g">0.00</subfield>
    <subfield code="l">0</subfield>
    <subfield code="o">306.46 MAT-</subfield>
    <subfield code="p">53512</subfield>
    <subfield code="r">2023-05-26 00:00:00</subfield>
    <subfield code="v">0.00</subfield>
    <subfield code="w">2023-05-26</subfield>
    <subfield code="y">BK</subfield>
  </datafield>
</record>
